000 00470nam a2200181Ia 4500
005 20250326124652.0
008 250326s9999 xx 000 0 und d
037 _aTextbook
040 _aFMSL
_beng
_cFMSL
041 _aeng
_2eng
084 _aX:87 K0;L17
_qFMSL
100 _aDale E
_968352
245 0 _aGraet organizers
_cDale E
260 _aNY
_bNY, McGraw-Hill
_c1971
300 _a276p
942 _cTB
_hX:87 K0;L17
999 _c1274664
_d1274664